000 01402nam a2200313 a 4500
001 BRCA_3086
005 20190320204114.0
008 270109s1832----fr-#---###---#000-0#fre-u
041 _afre
044 _afr
084 _a393
_b.H53
_c1832
100 1 _aCervantes Saavedra, Miguel de
_d1547-1616
_9213
245 1 0 _aHistoire de L´Admirable Don Quichotte de la Manche
_cMiguel de Cervantes Saavedra.
260 _aParís
_bA. Hiard
_c1832
300 _a4 v.
_c14 cm.
500 _aContenido : v 1. Primera parte. Texto. -- v 2. Texto. Segunda parte. Texto. -- v 3. Texto. Continuación por el traductor. -- v 4. Continuación por el traductor
500 _aEdición : Traduite de l´Espagnol de Michel de Cervantes par Filleau de Saint-Martin
500 _aEdición conforme a la impresa por Lugan, en 1826-27, pero suprimiendo el prólogo de Cervantes. Semipiel; lomos decorados con filetes dorados Lúdovik Osterc
500 _aQM320A
546 _aTexto en : francés
650 1 4 _aNovela española
_yÉpoca clásica, 1500-1700
_9215
650 1 4 _aLiteratura española
_yÉpoca clásica, 1500-1700
_9216
650 1 4 _aNovela española
_ySiglo XVII
_9217
650 1 4 _aDon Quijote (Personaje ficticio)
_eNovela
_9218
700 1 _aSaint-Martin, Francois Filleau de
_d1632-1695
_eTraductor
_98425
740 0 _aEl Ingenioso Hidalgo Don Quijote de la Mancha
902 _aQFM
942 _2lcc
_cB
999 _c2822
_d2822